Quick Pick: '90s TV Shows Quiz Stats

Quiz Updated Jun 5, 2016

Challenge
Share
Tweet
Embed
Score 0/12 Timer 01:00
1 Play Today
% Correct
Friends
88.9%
Frasier
87%
Family Guy
84.5%
The Fresh Prince of Bel-Air
80.9%
Beverly Hills, 90210
72.4%
ER
65%
Boy Meets World
61.1%
Buffy the Vampire Slayer
58.5%
3rd Rock From the Sun
53.8%
Dawson's Creek
47.8%
Charmed
47.2%
Hey Arnold!
42.6%

Today's Daily Dose

Word Ladder
Summertime

On This Day
June 23rd II

You're not logged in!

Compare scores with friends on all Sporcle quizzes.
Join for Free
OR
Log In

You Might Also Like...

Show Comments

Extras

Top Quizzes Today


Score Distribution

Your Account Isn't Verified!

In order to create a playlist on Sporcle, you need to verify the email address you used during registration. Go to your Sporcle Settings to finish the process.

Report this User

Report this user for behavior that violates our Community Guidelines.

Details: